00841nam a2200181 i 450000100060000000300090000600500170001500700030003200800410003510000640007624502120014026000510035230000310040350000830043470000440051771000640056185200340062540027ES-MaACL20251002202455.0t|030304s1955 sp ||||1| spa d0 aCarranza y Gómez, Ramón de, cMarqués de Soto Hermoso10aDiscursos leídos por los Excelentísimos Señores Ramón de Carranza y José Hernández Díaz en la recepción pública del primero como académico numerario, celebrada el 19 de noviembre de 1955. aSevilla : b[s.n., c1955] (fImp. Provincial) a36 p., 3 lám. ; c22 cm. aPrecede al tít.: Real Academia de Bellas Artes de Santa Isabel de Hungría.1 aHernández Díaz, José, d1906-19982 aReal Academia de Bellas Artes de Santa Isabel de Hungría. aES-MaACLj1966-F-19 bR.39031